000 00965nam a22002417a 4500
008 081120t xxu||||| |||| 00| 0 eng d
010 _aENG-91691
020 _a9788184550726
_c690.00
035 _aEN-75224
037 _bDBAD / PUB
040 _adpl
_bEnglish
082 _a363.70071
245 _aEnvironmental education and career planning /
_cedited by G. Madan Mohan
260 _aNew Delhi
_bOmega Publications
_c2008
270 _a4398/5, Ansari Road, Daryaganj,
_bNew Delhi
_e110002
300 _av, 269p.
_c22cm (Hb)
500 _aIncludes bibliographical references and index
650 _aEnvironmental education
650 _aEnvironmental protection
_xVocational guidance.
700 _aMadan Mohan, G
942 _2ddc
_cEN
_mENV
_h363.70071
999 _c18804
_d18804